00225nam a2200085Ia 450000500170000000800410001724500540005826000100011299900170012220250523155752.0250523s9999 xx 000 0 und d 0aRuby Rogers Yürüyen Bir EfsaneyimcSue Limb bALTIN c12102d12102